<?xml version="1.0" encoding="UTF-8"?>
<marc:record xmlns:marc="http://www.loc.gov/MARC21/slim">
   <marc:leader>00000nam a2200000 a 4500</marc:leader>
   <marc:datafield ind1="1" ind2=" " tag="100">
      <marc:subfield code="a">Mongan, Marie F.</marc:subfield>
      <marc:subfield code="4">aut</marc:subfield>
      <marc:subfield code="e">Verfasser/-in</marc:subfield>
   </marc:datafield>
   <marc:datafield ind1=" " ind2=" " tag="653">
      <marc:subfield code="a">Ratgeber</marc:subfield>
   </marc:datafield>
   <marc:datafield ind1=" " ind2=" " tag="653">
      <marc:subfield code="a">Hypnose</marc:subfield>
   </marc:datafield>
   <marc:datafield ind1=" " ind2=" " tag="653">
      <marc:subfield code="a">Autogenes Training</marc:subfield>
   </marc:datafield>
   <marc:datafield ind1=" " ind2=" " tag="653">
      <marc:subfield code="a">Sanfte Geburt</marc:subfield>
   </marc:datafield>
   <marc:datafield ind1="0" ind2="0" tag="245">
      <marc:subfield code="a">HypnoBirthing</marc:subfield>
   </marc:datafield>
   <marc:datafield ind1="0" ind2="0" tag="245">
      <marc:subfield code="b">der natürliche Weg zu einer sicheren, sanften und leichten Geburt</marc:subfield>
   </marc:datafield>
   <marc:datafield ind1=" " ind2="1" tag="264">
      <marc:subfield code="b">mankau</marc:subfield>
      <marc:subfield code="c">2014</marc:subfield>
   </marc:datafield>
   <marc:datafield ind1="1" ind2=" " tag="520">
      <marc:subfield code="a">Weltweit bei Zehntausenden Geburten bewährt - die erfolgreiche Geburtshilfe nach Marie F. Mongan.
Was kommt auf mich zu? Werde ich große Schmerzen haben? Wird alles gutgehen? Stimmen eigentlich die vielen Schauergeschichten, die man mir erzählt hat? Viele werdende Mütter haben ein mulmiges Gefühl, wenn es langsam aber sicher in Richtung Geburt geht. Doch warum ist die Geburt für viele Frauen ein so traumatisches und schmerzhaftes Erlebnis? Und warum enden heute mehr als ein Viertel aller Geburten mit einem Kaiserschnitt? </marc:subfield>
   </marc:datafield>
   <marc:datafield ind1=" " ind2=" " tag="020">
      <marc:subfield code="a">9783938396209</marc:subfield>
      <marc:subfield code="9">9783938396209</marc:subfield>
   </marc:datafield>
</marc:record>
